[Event "Blitz 2018"]
[Site "Saint-Petersburg"]
[Date "2018.12.30"]
[Round "19"]
[Board "35"]
[White "Tomashevsky Evgeny (RUS)"]
[Black "Potkin Vladimir (RUS)"]
[Result "1/2-1/2"]
[LiveChessVersion "1.4.8"]
[BlackElo "2494"]
[WhiteElo "2602"]

1. Nf3 {[%clk 0:03:03]} c5 {[%clk 0:03:03]} 2. e3 {[%clk 0:02:59]} Nc6
{[%clk 0:02:55]} 3. d4 {[%clk 0:02:55]} d5 {[%clk 0:02:55]} 4. c4
{[%clk 0:02:50]} e6 {[%clk 0:02:46]} 5. cxd5 {[%clk 0:02:49]} exd5
{[%clk 0:02:46]} 6. Nc3 {[%clk 0:02:50]} Nf6 {[%clk 0:02:47]} 7. Bb5
{[%clk 0:02:50]} cxd4 {[%clk 0:02:46]} 8. exd4 {[%clk 0:02:46]} Bd6
{[%clk 0:02:47]} 9. O-O {[%clk 0:02:38]} O-O {[%clk 0:02:46]} 10. h3
{[%clk 0:02:32]} h6 {[%clk 0:02:45]} 11. Re1 {[%clk 0:02:32]} Bf5
{[%clk 0:02:36]} 12. Ne5 {[%clk 0:02:23]} Qb6 {[%clk 0:02:10]} 13. Bxc6
{[%clk 0:02:12]} bxc6 {[%clk 0:02:10]} 14. Na4 {[%clk 0:02:09]} Qc7
{[%clk 0:01:49]} 15. Bf4 {[%clk 0:01:30]} Ne4 {[%clk 0:01:34]} 16. Qc1
{[%clk 0:00:36]} Rfe8 {[%clk 0:01:08]} 17. f3 {[%clk 0:00:34]} Nf6
{[%clk 0:00:30]} 18. Bh2 {[%clk 0:00:23]} Rac8 {[%clk 0:00:22]} 19. Nc5
{[%clk 0:00:24]} Nh7 {[%clk 0:00:22]} 20. Qd2 {[%clk 0:00:21]} Nf8
{[%clk 0:00:21]} 21. Rac1 {[%clk 0:00:21]} f6 {[%clk 0:00:19]} 22. Ng4
{[%clk 0:00:22]} Bxg4 {[%clk 0:00:19]} 23. Bxd6 {[%clk 0:00:23]} Qxd6
{[%clk 0:00:21]} 24. hxg4 {[%clk 0:00:24]} Ne6 {[%clk 0:00:17]} 25. Nxe6
{[%clk 0:00:19]} Rxe6 {[%clk 0:00:18]} 26. Rxe6 {[%clk 0:00:19]} Qxe6
{[%clk 0:00:19]} 27. Re1 {[%clk 0:00:20]} Qd6 {[%clk 0:00:20]} 28. Qe3
{[%clk 0:00:19]} c5 {[%clk 0:00:19]} 29. dxc5 {[%clk 0:00:17]} Qxc5
{[%clk 0:00:20]} 30. Qxc5 {[%clk 0:00:11]} Rxc5 {[%clk 0:00:21]} 31. Kf2
{[%clk 0:00:08]} Kf7 {[%clk 0:00:22]} 32. Ke3 {[%clk 0:00:08]} Rc4
{[%clk 0:00:16]} 33. Kd3 {[%clk 0:00:08]} a5 {[%clk 0:00:15]} 34. b3
{[%clk 0:00:08]} Rb4 {[%clk 0:00:09]} 35. Re2 {[%clk 0:00:09]} g6
{[%clk 0:00:05]} 36. Kc3 {[%clk 0:00:09]} h5 {[%clk 0:00:06]} 37. gxh5
{[%clk 0:00:09]} gxh5 {[%clk 0:00:07]} 38. a3 {[%clk 0:00:10]} Rb8
{[%clk 0:00:07]} 39. b4 {[%clk 0:00:11]} axb4+ {[%clk 0:00:08]} 40. axb4
{[%clk 0:00:12]} Rc8+ {[%clk 0:00:09]} 41. Kd3 {[%clk 0:00:12]} Rb8
{[%clk 0:00:06]} 42. Rb2 {[%clk 0:00:13]} Rb5 {[%clk 0:00:07]} 43. Kc3
{[%clk 0:00:12]} Ke6 {[%clk 0:00:08]} 44. Kb3 {[%clk 0:00:12]} Kd6
{[%clk 0:00:08]} 45. Ka4 {[%clk 0:00:13]} Rb8 {[%clk 0:00:09]} 46. b5
{[%clk 0:00:14]} d4 {[%clk 0:00:07]} 47. Kb4 {[%clk 0:00:10]} Kd5
{[%clk 0:00:08]} 48. Rc2 {[%clk 0:00:05]} d3 {[%clk 0:00:07]} 49. Rc7
{[%clk 0:00:03]} Kd4 {[%clk 0:00:08]} 50. Rd7+ {[%clk 0:00:04]} Ke3
{[%clk 0:00:09]} 51. Re7+ {[%clk 0:00:05]} Kd4 {[%clk 0:00:10]} 52. Rd7+
{[%clk 0:00:06]} Ke3 {[%clk 0:00:11]} 53. Re7+ {[%clk 0:00:07]} Kd4
{[%clk 0:00:10]} 54. Re4+ {[%clk 0:00:04]} Kd5 {[%clk 0:00:11]} 55. Kc3
{[%clk 0:00:05]} Rxb5 {[%clk 0:00:10]} 56. Kxd3 {[%clk 0:00:06]} Rb2
{[%clk 0:00:11]} 57. Rh4 {[%clk 0:00:03]} Rxg2 {[%clk 0:00:11]} 58. Rxh5+
{[%clk 0:00:04]} Ke6 {[%clk 0:00:13]} 59. Ke4 1/2-1/2

[Event "Blitz 2018"]
[Site "Saint-Petersburg"]
[Date "2018.12.30"]
[Round "19"]
[Board "37"]
[White "Le Quang Liem (VIE)"]
[Black "Timofeev Artyom (RUS)"]
[Result "1-0"]
[LiveChessVersion "1.4.8"]
[BlackElo "2568"]
[WhiteElo "2749"]

1. c4 {[%clk 0:03:03]} c5 {[%clk 0:03:03]} 2. Nf3 {[%clk 0:03:03]} Nf6
{[%clk 0:03:03]} 3. Nc3 {[%clk 0:03:04]} d5 {[%clk 0:03:04]} 4. cxd5
{[%clk 0:03:03]} Nxd5 {[%clk 0:03:05]} 5. g3 {[%clk 0:03:02]} Nc6
{[%clk 0:03:05]} 6. Bg2 {[%clk 0:03:02]} Nc7 {[%clk 0:03:06]} 7. O-O
{[%clk 0:02:59]} e5 {[%clk 0:03:06]} 8. a3 {[%clk 0:03:00]} Rb8 {[%clk 0:03:06]}
9. d3 {[%clk 0:03:00]} f6 {[%clk 0:02:52]} 10. Nd2 {[%clk 0:02:39]} Bd7
{[%clk 0:02:52]} 11. Nc4 {[%clk 0:02:21]} b5 {[%clk 0:02:51]} 12. Ne3
{[%clk 0:02:22]} Be7 {[%clk 0:02:50]} 13. f4 {[%clk 0:02:18]} exf4
{[%clk 0:02:49]} 14. Ned5 {[%clk 0:02:05]} Nxd5 {[%clk 0:02:37]} 15. Nxd5
{[%clk 0:02:05]} Bd6 {[%clk 0:02:37]} 16. Bxf4 {[%clk 0:02:01]} Bxf4
{[%clk 0:02:38]} 17. Nxf4 {[%clk 0:02:00]} O-O {[%clk 0:02:35]} 18. Rc1
{[%clk 0:01:57]} Qe7 {[%clk 0:02:33]} 19. Qc2 {[%clk 0:01:51]} Nd4
{[%clk 0:02:02]} 20. Qxc5 {[%clk 0:01:49]} Qxc5 {[%clk 0:01:30]} 21. Rxc5
{[%clk 0:01:49]} Rfd8 {[%clk 0:01:30]} 22. e3 {[%clk 0:01:35]} Nf5
{[%clk 0:01:30]} 23. Kf2 {[%clk 0:01:34]} Nd6 {[%clk 0:01:18]} 24. Rfc1
{[%clk 0:01:33]} b4 {[%clk 0:01:16]} 25. a4 {[%clk 0:01:00]} Bxa4
{[%clk 0:01:13]} 26. Ra1 {[%clk 0:01:01]} Bb3 {[%clk 0:00:43]} 27. Rxa7
{[%clk 0:00:59]} Nb5 {[%clk 0:00:42]} 28. Ra5 {[%clk 0:00:56]} Nd6
{[%clk 0:00:43]} 29. Bd5+ {[%clk 0:00:47]} Bxd5 {[%clk 0:00:43]} 30. Rxd5
{[%clk 0:00:47]} Rb6 {[%clk 0:00:34]} 31. Ra7 {[%clk 0:00:45]} Rc8
{[%clk 0:00:31]} 32. Kf3 {[%clk 0:00:42]} Nf7 {[%clk 0:00:25]} 33. d4
{[%clk 0:00:35]} Ng5+ {[%clk 0:00:20]} 34. Ke2 {[%clk 0:00:31]} Kh8
{[%clk 0:00:05]} 35. Rdd7 {[%clk 0:00:31]} Rg8 {[%clk 0:00:06]} 36. Nd5
{[%clk 0:00:27]} Rc6 {[%clk 0:00:06]} 37. Ne7 {[%clk 0:00:26]} 1-0

[Event "Blitz 2018"]
[Site "Saint-Petersburg"]
[Date "2018.12.30"]
[Round "19"]
[Board "38"]
[White "Mamedov Rauf (AZE)"]
[Black "Khanin Semen (RUS)"]
[Result "1-0"]
[LiveChessVersion "1.4.8"]
[BlackElo "2564"]
[WhiteElo "2741"]

1. e4 {[%clk 0:03:03]} e5 {[%clk 0:03:03]} 2. Nf3 {[%clk 0:03:04]} Nc6
{[%clk 0:03:04]} 3. Bc4 {[%clk 0:03:05]} Bc5 {[%clk 0:03:04]} 4. c3
{[%clk 0:03:06]} Nf6 {[%clk 0:03:05]} 5. d3 {[%clk 0:03:07]} O-O {[%clk 0:02:58]}
6. O-O {[%clk 0:03:07]} d6 {[%clk 0:02:58]} 7. a4 {[%clk 0:03:08]} a6
{[%clk 0:02:59]} 8. Bg5 {[%clk 0:03:08]} h6 {[%clk 0:02:50]} 9. Bh4
{[%clk 0:03:09]} Ba7 {[%clk 0:02:51]} 10. Nbd2 {[%clk 0:03:10]} g5
{[%clk 0:02:50]} 11. Nxg5 {[%clk 0:03:10]} hxg5 {[%clk 0:02:50]} 12. Bxg5
{[%clk 0:03:11]} Kg7 {[%clk 0:02:48]} 13. Qf3 {[%clk 0:03:11]} Qe7
{[%clk 0:02:42]} 14. Rae1 {[%clk 0:03:03]} Nd8 {[%clk 0:02:24]} 15. Qg3
{[%clk 0:02:33]} Rh8 {[%clk 0:01:41]} 16. Re3 {[%clk 0:02:15]} Bxe3
{[%clk 0:01:02]} 17. Bxf6+ {[%clk 0:02:09]} 1-0

[Event "Blitz 2018"]
[Site "Saint-Petersburg"]
[Date "2018.12.30"]
[Round "19"]
[Board "39"]
[White "Kazhgaleyev Murtas (KAZ)"]
[Black "Bocharov Ivan (RUS)"]
[Result "0-1"]
[LiveChessVersion "1.4.8"]
[BlackElo "2715"]
[WhiteElo "2553"]

1. d4 {[%clk 0:03:02]} d5 {[%clk 0:03:04]} 2. c4 {[%clk 0:03:03]} c6
{[%clk 0:03:06]} 3. cxd5 {[%clk 0:03:04]} cxd5 {[%clk 0:03:07]} 4. Bg5
{[%clk 0:03:05]} Nc6 {[%clk 0:03:06]} 5. Nc3 {[%clk 0:03:05]} h6 {[%clk 0:03:03]}
6. Bh4 {[%clk 0:03:06]} g5 {[%clk 0:02:51]} 7. Bg3 {[%clk 0:03:06]} Bg7
{[%clk 0:02:50]} 8. e3 {[%clk 0:03:06]} Nf6 {[%clk 0:02:46]} 9. Bd3
{[%clk 0:03:00]} O-O {[%clk 0:02:42]} 10. h4 {[%clk 0:03:00]} g4 {[%clk 0:02:41]}
11. Nge2 {[%clk 0:02:53]} Nh5 {[%clk 0:02:41]} 12. a3 {[%clk 0:02:42]} e5
{[%clk 0:02:40]} 13. dxe5 {[%clk 0:02:41]} Nxe5 {[%clk 0:02:37]} 14. Bxe5
{[%clk 0:02:32]} Bxe5 {[%clk 0:02:38]} 15. g3 {[%clk 0:02:33]} Be6
{[%clk 0:02:35]} 16. Nd4 {[%clk 0:02:29]} Nf6 {[%clk 0:02:25]} 17. O-O
{[%clk 0:02:28]} Rc8 {[%clk 0:02:26]} 18. Qd2 {[%clk 0:02:18]} Qb6
{[%clk 0:02:17]} 19. Rad1 {[%clk 0:02:17]} Kg7 {[%clk 0:02:17]} 20. Bb1
{[%clk 0:02:12]} Rc4 {[%clk 0:02:14]} 21. Nxe6+ {[%clk 0:02:06]} fxe6
{[%clk 0:02:00]} 22. Qd3 {[%clk 0:02:00]} Kf7 {[%clk 0:02:01]} 23. Qg6+ Ke7 24.
Bd3 {[%clk 0:01:37]} Rcc8 {[%clk 0:01:56]} 25. Qxh6 {[%clk 0:01:34]} Qxb2
{[%clk 0:01:51]} 26. Nb5 {[%clk 0:01:29]} a6 {[%clk 0:01:35]} 27. Rb1
{[%clk 0:01:24]} Qa2 {[%clk 0:01:25]} 28. Nd4 {[%clk 0:01:24]} b5
{[%clk 0:01:24]} 29. Qg5 {[%clk 0:01:18]} Bxd4 {[%clk 0:01:08]} 30. exd4
{[%clk 0:01:19]} Qxa3 {[%clk 0:01:10]} 31. Rfd1 {[%clk 0:01:14]} Rc3
{[%clk 0:01:10]} 32. Bf1 {[%clk 0:01:00]} Rg8 {[%clk 0:00:50]} 33. Qe5
{[%clk 0:00:54]} Qd6 {[%clk 0:00:43]} 34. Qe1 {[%clk 0:00:55]} b4
{[%clk 0:00:39]} 35. Ra1 {[%clk 0:00:55]} Ra8 {[%clk 0:00:35]} 36. Ra5
{[%clk 0:00:56]} Qb6 {[%clk 0:00:32]} 37. Rda1 {[%clk 0:00:54]} Qxd4
{[%clk 0:00:33]} 38. Rxa6 {[%clk 0:00:55]} Rxa6 {[%clk 0:00:34]} 39. Rxa6
{[%clk 0:00:56]} Rxg3+ {[%clk 0:00:35]} 40. Bg2 {[%clk 0:00:57]} Ne4
{[%clk 0:00:34]} 41. Kh2 {[%clk 0:00:56]} Ra3 {[%clk 0:00:33]} 42. Rc6
{[%clk 0:00:53]} Qe5+ {[%clk 0:00:31]} 43. Kg1 {[%clk 0:00:52]} Ra1
{[%clk 0:00:31]} 44. Rc1 {[%clk 0:00:53]} Rxc1 {[%clk 0:00:29]} 45. Qxc1
{[%clk 0:00:54]} Nc3 {[%clk 0:00:24]} 46. Kf1 {[%clk 0:00:47]} b3
{[%clk 0:00:23]} 47. Qa3+ {[%clk 0:00:47]} Kf7 {[%clk 0:00:21]} 48. Qxb3 Qe2+
{[%clk 0:00:19]} 49. Kg1 {[%clk 0:00:48]} Qe1+ {[%clk 0:00:20]} 50. Kh2
{[%clk 0:00:46]} Qe5+ {[%clk 0:00:18]} 51. Kh1 {[%clk 0:00:46]} Ne4
{[%clk 0:00:18]} 52. Qe3 {[%clk 0:00:45]} Qf5 {[%clk 0:00:18]} 53. Bxe4
{[%clk 0:00:40]} dxe4 {[%clk 0:00:17]} 54. Kg1 {[%clk 0:00:41]} Kg6
{[%clk 0:00:18]} 55. Qg3 {[%clk 0:00:40]} e5 {[%clk 0:00:19]} 56. Qc3
{[%clk 0:00:37]} Kh5 {[%clk 0:00:19]} 57. Qg3 {[%clk 0:00:34]} Qf4
{[%clk 0:00:20]} 58. Kg2 {[%clk 0:00:33]} Qf3+ {[%clk 0:00:20]} 59. Kg1
{[%clk 0:00:34]} Qf4 {[%clk 0:00:17]} 60. Kg2 {[%clk 0:00:35]} e3 61. fxe3
{[%clk 0:00:20]} Qxg3+ {[%clk 0:00:20]} 62. Kxg3 e4 63. Kf4 {[%clk 0:00:22]} Kxh4
{[%clk 0:00:23]} 64. Kxe4 {[%clk 0:00:24]} g3 {[%clk 0:00:24]} 65. Kf3
{[%clk 0:00:24]} Kh3 {[%clk 0:00:26]} 66. e4 g2 0-1

[Event "Blitz 2018"]
[Site "Saint-Petersburg"]
[Date "2018.12.30"]
[Round "19"]
[Board "40"]
[White "Sargissian Gabriel (ARM)"]
[Black "Kovalev Vladislav (BLR)"]
[Result "1-0"]
[LiveChessVersion "1.4.8"]
[BlackElo "2553"]
[WhiteElo "2651"]

1. d4 {[%clk 0:03:02]} Nf6 {[%clk 0:03:02]} 2. Nf3 g6 3. Nbd2 {[%clk 0:03:02]} d5
{[%clk 0:02:59]} 4. e3 {[%clk 0:03:03]} Bg7 {[%clk 0:03:00]} 5. b4
{[%clk 0:03:04]} O-O {[%clk 0:02:56]} 6. Bb2 {[%clk 0:03:05]} c6 {[%clk 0:02:50]}
7. c4 {[%clk 0:03:06]} Nbd7 {[%clk 0:02:45]} 8. a4 {[%clk 0:03:06]} Ne4
{[%clk 0:02:42]} 9. cxd5 {[%clk 0:03:00]} Nxd2 {[%clk 0:02:41]} 10. Qxd2
{[%clk 0:02:54]} cxd5 {[%clk 0:02:42]} 11. Bd3 {[%clk 0:02:25]} Nf6
{[%clk 0:02:36]} 12. O-O {[%clk 0:02:24]} Ne4 {[%clk 0:02:38]} 13. Qe2
{[%clk 0:02:24]} Nd6 {[%clk 0:02:36]} 14. Rfc1 {[%clk 0:02:16]} Bf5
{[%clk 0:02:36]} 15. Bxf5 {[%clk 0:02:17]} gxf5 {[%clk 0:02:37]} 16. Nd2
{[%clk 0:02:13]} e6 {[%clk 0:02:38]} 17. b5 {[%clk 0:02:14]} Kh8 {[%clk 0:02:18]}
18. Ba3 {[%clk 0:02:12]} Rg8 {[%clk 0:02:13]} 19. g3 {[%clk 0:02:13]} f4
{[%clk 0:02:07]} 20. Bxd6 {[%clk 0:02:02]} Qxd6 {[%clk 0:02:01]} 21. Nf3
{[%clk 0:01:57]} Bf6 {[%clk 0:01:44]} 22. Rc2 {[%clk 0:01:46]} a6
{[%clk 0:01:29]} 23. Rac1 {[%clk 0:01:19]} axb5 {[%clk 0:01:27]} 24. axb5
{[%clk 0:01:20]} Ra3 {[%clk 0:01:04]} 25. Rc3 {[%clk 0:01:20]} Rxc3
{[%clk 0:01:03]} 26. Rxc3 {[%clk 0:01:22]} fxe3 {[%clk 0:01:03]} 27. Qxe3
{[%clk 0:01:20]} Kg7 {[%clk 0:00:48]} 28. Kg2 {[%clk 0:01:21]} Ra8
{[%clk 0:00:43]} 29. Ne5 {[%clk 0:01:09]} Bxe5 {[%clk 0:00:04]} 30. Qg5+
{[%clk 0:01:05]} Kf8 {[%clk 0:00:06]} 31. dxe5 {[%clk 0:01:06]} Qe7
{[%clk 0:00:07]} 32. Qh6+ {[%clk 0:01:01]} Kg8 {[%clk 0:00:08]} 33. Rf3
{[%clk 0:01:01]} Ra4 {[%clk 0:00:05]} 34. b6 {[%clk 0:00:40]} Re4
{[%clk 0:00:05]} 35. Rc3 {[%clk 0:00:33]} Rc4 {[%clk 0:00:06]} 36. Rb3
{[%clk 0:00:26]} Rc6 {[%clk 0:00:06]} 37. Rb2 {[%clk 0:00:22]} Rc8
{[%clk 0:00:05]} 38. Ra2 {[%clk 0:00:23]} Qf8 {[%clk 0:00:06]} 39. Qf4
{[%clk 0:00:23]} Rc6 {[%clk 0:00:05]} 40. Qg5+ {[%clk 0:00:23]} Kh8
{[%clk 0:00:05]} 41. Qf6+ {[%clk 0:00:24]} Kg8 {[%clk 0:00:06]} 42. Ra4
{[%clk 0:00:25]} Rc4 {[%clk 0:00:05]} 43. Ra7 {[%clk 0:00:27]} Rc8
{[%clk 0:00:03]} 44. Rxb7 {[%clk 0:00:27]} Rd8 {[%clk 0:00:03]} 45. Rxf7
{[%clk 0:00:25]} Qxf7 {[%clk 0:00:04]} 46. Qxd8+ {[%clk 0:00:26]} Kg7
{[%clk 0:00:05]} 47. Qf6+ {[%clk 0:00:26]} 1-0

[Event "Blitz 2018"]
[Site "Saint-Petersburg"]
[Date "2018.12.30"]
[Round "19"]
[Board "41"]
[White "Vishnu Prasanna. V (IND)"]
[Black "Rakhmanov Aleksandr (RUS)"]
[Result "1/2-1/2"]
[LiveChessVersion "1.4.8"]
[BlackElo "2615"]
[WhiteElo "2519"]

1. d4 {[%clk 0:03:02]} Nf6 {[%clk 0:03:03]} 2. Bf4 {[%clk 0:03:02]} c5
{[%clk 0:02:56]} 3. e3 {[%clk 0:03:01]} b6 {[%clk 0:02:56]} 4. Nc3
{[%clk 0:02:54]} Bb7 {[%clk 0:02:55]} 5. Nf3 {[%clk 0:02:45]} g6 {[%clk 0:02:50]}
6. d5 {[%clk 0:02:44]} Bg7 {[%clk 0:02:50]} 7. Bc4 {[%clk 0:02:34]} O-O
{[%clk 0:02:50]} 8. O-O {[%clk 0:02:34]} d6 {[%clk 0:02:40]} 9. h3
{[%clk 0:02:34]} Na6 {[%clk 0:02:37]} 10. Qe2 {[%clk 0:02:21]} Nc7
{[%clk 0:02:35]} 11. Rad1 {[%clk 0:02:21]} a6 {[%clk 0:02:27]} 12. a4
{[%clk 0:02:20]} Nh5 {[%clk 0:02:24]} 13. Bh2 {[%clk 0:02:18]} Bxc3
{[%clk 0:02:19]} 14. bxc3 {[%clk 0:02:18]} b5 {[%clk 0:02:20]} 15. Ba2
{[%clk 0:02:19]} bxa4 {[%clk 0:02:04]} 16. e4 {[%clk 0:02:17]} Nb5
{[%clk 0:02:00]} 17. Qe3 {[%clk 0:02:11]} Qa5 {[%clk 0:01:57]} 18. Rd3
{[%clk 0:02:09]} c4 {[%clk 0:01:54]} 19. Bxc4 {[%clk 0:02:02]} Rac8
{[%clk 0:01:47]} 20. Bxb5 {[%clk 0:02:02]} axb5 {[%clk 0:01:47]} 21. Qh6
{[%clk 0:01:59]} f6 {[%clk 0:01:31]} 22. Nd4 {[%clk 0:01:35]} Ng7
{[%clk 0:01:24]} 23. Rb1 {[%clk 0:01:18]} Rxc3 {[%clk 0:01:18]} 24. Qd2
{[%clk 0:00:33]} b4 {[%clk 0:01:05]} 25. Rxc3 {[%clk 0:00:34]} bxc3
{[%clk 0:01:05]} 26. Qc1 {[%clk 0:00:35]} Qc5 {[%clk 0:00:44]} 27. Rxb7
{[%clk 0:00:28]} Qxd4 {[%clk 0:00:45]} 28. Rxe7 {[%clk 0:00:27]} Rb8
{[%clk 0:00:32]} 29. Bxd6 {[%clk 0:00:26]} Qd2 {[%clk 0:00:30]} 30. Qa3
{[%clk 0:00:14]} Rb1+ {[%clk 0:00:23]} 31. Kh2 {[%clk 0:00:15]} Qxf2
{[%clk 0:00:24]} 32. Qxc3 {[%clk 0:00:08]} Qg1+ {[%clk 0:00:11]} 33. Kg3
{[%clk 0:00:09]} Qe1+ {[%clk 0:00:11]} 34. Qxe1 {[%clk 0:00:09]} Rxe1
{[%clk 0:00:12]} 35. Ra7 {[%clk 0:00:07]} Rxe4 {[%clk 0:00:12]} 36. Kf3
{[%clk 0:00:08]} f5 {[%clk 0:00:11]} 37. Ra8+ {[%clk 0:00:08]} Ne8
{[%clk 0:00:12]} 38. Ba3 {[%clk 0:00:07]} Kf7 {[%clk 0:00:12]} 39. d6
{[%clk 0:00:08]} Nf6 {[%clk 0:00:11]} 40. Ra7+ {[%clk 0:00:08]} Ke8
{[%clk 0:00:09]} 41. Rc7 {[%clk 0:00:08]} Nd7 {[%clk 0:00:08]} 42. c4
{[%clk 0:00:09]} Rxc4 {[%clk 0:00:07]} 43. Rxc4 {[%clk 0:00:05]} Ne5+
{[%clk 0:00:08]} 44. Kf4 {[%clk 0:00:05]} Nxc4 {[%clk 0:00:09]} 45. Bb4
{[%clk 0:00:07]} a3 {[%clk 0:00:08]} 46. Kg5 {[%clk 0:00:07]} a2 {[%clk 0:00:07]}
47. Bc3 {[%clk 0:00:08]} Nxd6 {[%clk 0:00:08]} 48. Kh6 {[%clk 0:00:09]} Kf7
{[%clk 0:00:06]} 49. Kxh7 {[%clk 0:00:09]} f4 {[%clk 0:00:05]} 50. Kh6
{[%clk 0:00:08]} Nf5+ {[%clk 0:00:04]} 51. Kg5 {[%clk 0:00:08]} Ne3
{[%clk 0:00:05]} 52. Ba1 {[%clk 0:00:07]} Nxg2 {[%clk 0:00:06]} 53. Kg4
{[%clk 0:00:07]} Ke6 {[%clk 0:00:03]} 54. Kf3 {[%clk 0:00:07]} Ne1+
{[%clk 0:00:04]} 55. Kxf4 {[%clk 0:00:08]} Kf7 {[%clk 0:00:05]} 56. h4
{[%clk 0:00:08]} Ng2+ {[%clk 0:00:06]} 57. Kg5 {[%clk 0:00:09]} Nxh4
{[%clk 0:00:06]} 58. Kxh4 {[%clk 0:00:09]} 1/2-1/2

[Event "Blitz 2018"]
[Site "Saint-Petersburg"]
[Date "2018.12.30"]
[Round "19"]
[Board "42"]
[White "Fridman Daniel (GER)"]
[Black "Antipov Mikhail Al. (RUS)"]
[Result "1-0"]
[LiveChessVersion "1.4.8"]
[BlackElo "2604"]
[WhiteElo "2530"]

1. d4 {[%clk 0:03:03]} Nf6 {[%clk 0:02:53]} 2. Nf3 {[%clk 0:03:04]} c6
{[%clk 0:02:54]} 3. c4 {[%clk 0:03:04]} d5 {[%clk 0:02:55]} 4. g3
{[%clk 0:03:05]} h6 {[%clk 0:02:56]} 5. Bg2 {[%clk 0:03:04]} Bf5 {[%clk 0:02:56]}
6. Qb3 {[%clk 0:02:55]} Qb6 {[%clk 0:02:57]} 7. Nc3 {[%clk 0:02:56]} e6
{[%clk 0:02:57]} 8. Bf4 {[%clk 0:02:33]} dxc4 {[%clk 0:01:39]} 9. Qxc4
{[%clk 0:02:34]} Nd5 {[%clk 0:01:39]} 10. Na4 {[%clk 0:01:49]} Qb4+
{[%clk 0:01:11]} 11. Qxb4 {[%clk 0:01:49]} Bxb4+ {[%clk 0:01:11]} 12. Bd2
{[%clk 0:01:50]} Nd7 {[%clk 0:00:51]} 13. Nc3 {[%clk 0:01:29]} Nxc3
{[%clk 0:00:44]} 14. Bxc3 {[%clk 0:01:29]} a5 {[%clk 0:00:37]} 15. Nd2
{[%clk 0:01:29]} Nb6 {[%clk 0:00:36]} 16. e4 {[%clk 0:01:27]} Bg6
{[%clk 0:00:36]} 17. a3 {[%clk 0:01:20]} Be7 {[%clk 0:00:30]} 18. b3
{[%clk 0:01:16]} a4 {[%clk 0:00:22]} 19. b4 {[%clk 0:01:16]} O-O {[%clk 0:00:21]}
20. Ke2 {[%clk 0:00:56]} Rfd8 {[%clk 0:00:22]} 21. Rhc1 {[%clk 0:00:46]} Bf6
{[%clk 0:00:19]} 22. Ke3 {[%clk 0:00:47]} Rd7 {[%clk 0:00:15]} 23. Bf1
{[%clk 0:00:47]} Rad8 {[%clk 0:00:15]} 24. Nf3 {[%clk 0:00:48]} Nc8
{[%clk 0:00:06]} 25. Ne5 {[%clk 0:00:46]} Bxe5 {[%clk 0:00:04]} 26. dxe5
{[%clk 0:00:47]} b5 {[%clk 0:00:04]} 27. Be2 {[%clk 0:00:47]} Ne7
{[%clk 0:00:03]} 28. Rd1 {[%clk 0:00:47]} Kf8 {[%clk 0:00:04]} 29. Bd4
{[%clk 0:00:46]} Ke8 {[%clk 0:00:04]} 30. Bb6 {[%clk 0:00:45]} Rxd1
{[%clk 0:00:04]} 31. Bxd1 {[%clk 0:00:46]} Rd7 {[%clk 0:00:04]} 32. Be2
{[%clk 0:00:47]} f6 {[%clk 0:00:04]} 33. exf6 {[%clk 0:00:46]} gxf6
{[%clk 0:00:05]} 34. Rc1 {[%clk 0:00:47]} f5 {[%clk 0:00:05]} 35. f3
{[%clk 0:00:47]} Bh5 {[%clk 0:00:05]} 36. g4 {[%clk 0:00:49]} Bg6
{[%clk 0:00:05]} 37. Bc5 {[%clk 0:00:45]} fxe4 {[%clk 0:00:05]} 38. fxe4
{[%clk 0:00:44]} Ng8 {[%clk 0:00:06]} 39. Bd4 {[%clk 0:00:43]} Ne7
{[%clk 0:00:05]} 40. Bf6 {[%clk 0:00:44]} Rc7 {[%clk 0:00:04]} 41. h4
{[%clk 0:00:44]} Bh7 {[%clk 0:00:04]} 42. h5 {[%clk 0:00:45]} Rc8
{[%clk 0:00:03]} 43. Bg7 {[%clk 0:00:44]} Ng8 {[%clk 0:00:03]} 44. Rc5
{[%clk 0:00:42]} Kf7 {[%clk 0:00:03]} 45. Be5 {[%clk 0:00:43]} Nf6
{[%clk 0:00:04]} 46. Bxf6 {[%clk 0:00:44]} Kxf6 {[%clk 0:00:05]} 47. Bxb5
{[%clk 0:00:45]} Rg8 {[%clk 0:00:04]} 48. Bxc6 {[%clk 0:00:44]} Rxg4
{[%clk 0:00:05]} 49. Rc3 {[%clk 0:00:35]} Ke5 {[%clk 0:00:05]} 50. Rc5+
{[%clk 0:00:33]} Kd6 {[%clk 0:00:05]} 51. e5+ {[%clk 0:00:33]} Ke7
{[%clk 0:00:04]} 52. Bf3 {[%clk 0:00:31]} 1-0